000
00240nmm a2200097Ia 4500
008
220120s9999||||xx |||||||||||||||||und||
082
_a
005.133 NEL
100
_a
Nelson, Matthew, T
_9
4746
245
0
_a
Java foundation classes
260
_c
2000
999
_c
139071
_d
139071